Didactics : (Record no. 790685)

MARC details
000 -LEADER
fixed length control field 00502nam a22001817a 4500
003 - CONTROL NUMBER IDENTIFIER
control field 330010
005 - DATE AND TIME OF LATEST TRANSACTION
control field 20251212120907.0
008 - FIXED-LENGTH DATA ELEMENTS--GENERAL INFORMATION
fixed length control field 251212b sa ||||| |||| 00| 0 eng d
020 ## - INTERNATIONAL STANDARD BOOK NUMBER
International Standard Book Number <a href="9780798630290">9780798630290</a>
Qualifying information (pbk)
040 ## - CATALOGING SOURCE
Transcribing agency 3228
041 ## - LANGUAGE CODE
Language English
082 #0 - DEWEY DECIMAL CLASSIFICATION NUMBER
Classification number 657.007 VOI
942 ## - ADDED ENTRY ELEMENTS
Creator ID 190
Creator Name Dudu Mondlane
Modifier ID 190
Modifier Name Dudu Mondlane
245 ## - TITLE STATEMENT
Title Didactics :
Cover Title Accounting - For The Secondary School
Statement of responsibility, etc. [Author: Voigt, PHM & Stander, H]
250 ## - EDITION STATEMENT
Edition statement 1st Ed.
260 ## - PUBLICATION, DISTRIBUTION, ETC.
Place of publication, distribution, etc. Pretoria
Name of publisher, distributor, etc. De Jager-HAUM Publishers
Date of publication, distribution, etc. 1989
300 ## - PHYSICAL DESCRIPTION
Extent 88 pages
Dimensions 22 cm
942 ## - ADDED ENTRY ELEMENTS
Source of classification or shelving scheme Dewey Decimal Classification
item type Book
Holdings
Withdrawn status Lost status Source of classification or shelving scheme Damaged status Not for loan Collection code Home library Current library Shelving location Date acquired Total Checkouts Full call number Barcode Date last seen Price effective from item type
    Dewey Decimal Classification     600: Technology & Applied Science Kanyamazane Kanyamazane Non Fiction 12.12.2025   657.007 VOI 33228020675425 12.12.2025 12.12.2025 Book